Statistical yearbook on Maldives 2002.

Bibliographic Details
Format: Book
Published: Male': Ministry of Planning and National Development, 2002.
Subjects:
LEADER 00445cam a2200145 7i4500
001 0000014151
005 20040705090000.0
020 0 0 |a 9991555358  
090 0 0 |a STAT 310.9   |b STA(MALD) 
245 0 0 |a Statistical yearbook on Maldives 2002. 
260 0 0 |a Male':   |b Ministry of Planning and National Development,   |c 2002. 
300 # # |a [v.p]. 
650 0 0 |a Statistics --   |z Maldives  
651 0 0 |a Maldives  
999 |a 0000014682  |b Book  |c Statistics  |e Business Information Centre